Las cuatro campañas de la Guerra del Pacífico
Na minha lista:
| Autor principal: | |
|---|---|
| Formato: | Livro |
| Idioma: | espanhol |
| Publicado em: |
Valparaíso, Chile
Victoria
1928
|
| Assuntos: | |
| Tags: |
Adicionar Tag
Sem tags, seja o primeiro a adicionar uma tag!
|
MARC
| LEADER | 00000nam a2200000 a 4500 | ||
|---|---|---|---|
| 001 | UCO2063 | ||
| 003 | CL-VaPUC | ||
| 005 | 20210618161217.0 | ||
| 008 | 000602e19280000CL |||||||||||||||||spa|d | ||
| 999 | |c 288604 |d 288602 | ||
| 040 | |c Pontificia Universidad Católica de Valparaíso | ||
| 082 | 0 | 4 | |a 983.061 MAC 1928 |2 21 |
| 100 | |a Machuca y Marín, Francisco Antonio |e autor |9 536050 | ||
| 245 | 1 | 4 | |a Las cuatro campañas de la Guerra del Pacífico |
| 260 | |a Valparaíso, Chile |b Victoria |c 1928 | ||
| 300 | |a volúmenes | ||
| 583 | |a last modification |c 20000602 00:00:00 |k Rodrigo Vera | ||
| 650 | 0 | |a Historia de Chile |9 265473 | |
| 650 | 0 | |a Guerra del Pacífico |z CHILE |9 314886 | |
| 650 | 7 | |a CAMPAÑAS MILITARES |2 CL-VaPUC |9 437721 |z CHILE | |
| 852 | |a BIBCUR | ||
| 942 | |c BK |2 ddc | ||
| 945 | |d 20000602 00:00:00 |a crobeson | ||
| 952 | |0 0 |1 0 |2 ddc |4 0 |6 983_061000000000000_MAC_1928 |7 0 |8 X |9 336390 |a BIBHIS |b BIBHIS |d 2019-11-20 |h v.2 |i 1278053 |o 983.061 MAC 1928 |p 1278053 |r 2024-01-30 |t 1 |w 2019-11-20 |y BK_X |k HIS | ||
| 952 | |0 0 |1 0 |2 ddc |4 0 |6 983_061000000000000_MAC_1928 |7 0 |8 X |9 336391 |a BIBHIS |b BIBHIS |d 2019-11-20 |h v.3 |i 1278061 |o 983.061 MAC 1928 |p 1278061 |r 2024-01-30 |t 1 |w 2019-11-20 |y BK_X |k HIS | ||
| 952 | |0 0 |1 0 |2 ddc |4 0 |6 983_061000000000000_MAC_1928 |7 0 |8 X |9 336392 |a BIBHIS |b BIBHIS |d 2019-11-20 |h v.4 |i 127807K |o 983.061 MAC 1928 |p 127807K |r 2024-01-30 |t 1 |w 2019-11-20 |y BK_X |k HIS | ||